Statistics for Mastodon trivia

Click here to take the quiz!

General Stats

  • This quiz has been taken 30 times
  • The average score is 12 of 15

Answer Stats

Question Answer % Correct
What year did the band form?2000
100%
Album featuring the songs "High Road" and "The Motherload"Once more 'round the Sun
95%
Four part song on Crack the SkyeThe Czar
95%
The album Leviathan is based off of which Herman Melville novel? (Also a name of a Led Zeppelin song)Moby Dick
91%
The song Steambreather features on which Mastodon album?Emperor of Sand
91%
Album released in 2006Blood Mountain
91%
Album that won the Golden God for best album in 2012The Hunter
91%
What year did Mastodon release the Lifesblood EP?2001
86%
First song released for Emperor of SandSultan's Curse
86%
Song that closes Emperor of SandJaguar God
77%
The band are based in which American stateGeorgia
73%
Only member of Mastodon not to be credited with a lead vocal role on any songBill Kelliher
73%
Mastodons third studio albumCall of the Mastodon
64%
Mastodon's former lead singerEric Saner
36%
Bassist Troy Sanders plays for which other Metal band?Gone is Gone
27%

Score Distribution

Percentile by Number Answered

Percent of People with Each Score

Your Score History

You have not taken this quiz